000
00294nam a22001457a 4500
008
221017b ||||| |||| 00| 0 eng d
020
_a
0870441094
041
_a
eng
080
_a
91
082
_a
91
100
_a
19.2
101
_a
GJEO
245
_a
THE ALPS
_c
PAYNE M
942
_2
udc
_c
BK
999
_c
58583
_d
58583